<?xml version="1.0" encoding="UTF-8"?>
<collection xmlns="http://www.loc.gov/MARC21/slim">
 <record>
  <leader>02083nam a22002297a 4500</leader>
  <controlfield tag="001">NCT_72402</controlfield>
  <controlfield tag="008">191018b        xxu||||| |||| 00| 0 vie d</controlfield>
  <datafield tag="999" ind1=" " ind2=" ">
   <subfield code="c">3524</subfield>
   <subfield code="d">3524</subfield>
  </datafield>
  <datafield tag="020" ind1=" " ind2=" ">
   <subfield code="a">9786048659141</subfield>
   <subfield code="c">59000</subfield>
  </datafield>
  <datafield tag="082" ind1="0" ind2="4">
   <subfield code="2">23rd ed.</subfield>
   <subfield code="a">959.7021</subfield>
   <subfield code="b">M103</subfield>
  </datafield>
  <datafield tag="100" ind1="1" ind2=" ">
   <subfield code="a">Trần Thanh Mại</subfield>
  </datafield>
  <datafield tag="245" ind1="1" ind2="0">
   <subfield code="a">Ngô Vương Quyền</subfield>
   <subfield code="c">Trần Thanh Mại</subfield>
  </datafield>
  <datafield tag="250" ind1=" " ind2=" ">
   <subfield code="a">Tái bản theo bản in năm 1957</subfield>
  </datafield>
  <datafield tag="260" ind1=" " ind2=" ">
   <subfield code="a">H.</subfield>
   <subfield code="b">Hồng Đức</subfield>
   <subfield code="c">2015</subfield>
  </datafield>
  <datafield tag="300" ind1=" " ind2=" ">
   <subfield code="a">182 tr.</subfield>
   <subfield code="c">21cm</subfield>
  </datafield>
  <datafield tag="490" ind1="0" ind2=" ">
   <subfield code="a">Góc nhìn sử Việt</subfield>
  </datafield>
  <datafield tag="520" ind1="3" ind2=" ">
   <subfield code="a">Ngô Quyền sinh năm 897, quê Đường Lâm. Ngay từ nhỏ, ông sớm tỏ rõ ý chí phi thường, trí óc thông minh, thân thể cường tráng. Sau này, cha con Ngô Quyền theo về dưới trướng Dương Đình Nghệ, đánh đuổi quân Nam Hán. Cha mất, Ngô Quyền được uỷ làm Thứ sử ái Châu. Năm 937, Kiều Công Tiễn giết Dương Đình Nghệ rồi thông mưu với giặc Nam Hán. Hơn một năm sau, Ngô Quyền tiến quân chiếm thành Đại La, giết chết Kiều Công Tiễn. Năm 938, Vua Nam Hán cho Hoằng Tháo dẫn quân xâm lược nước ta. Dưới sự chỉ huy tài tình, mưu lược hơn người của Ngô Quyền, quân và dân nước Việt đã làm nên một chiến thắng Bạch Đằng vĩ đại, chôn vùi âm mưu thôn tính nước ta của bọn xâm lược phương Bắc. Năm 939, Ngô Quyền xưng vương, lập đô ở Cổ Loa.</subfield>
  </datafield>
  <datafield tag="653" ind1=" " ind2=" ">
   <subfield code="a">Sách tham khảo</subfield>
  </datafield>
  <datafield tag="942" ind1=" " ind2=" ">
   <subfield code="2">ddc</subfield>
   <subfield code="c">BK</subfield>
  </datafield>
  <datafield tag="952" ind1=" " ind2=" ">
   <subfield code="0">0</subfield>
   <subfield code="1">0</subfield>
   <subfield code="2">ddc</subfield>
   <subfield code="4">0</subfield>
   <subfield code="6">959_702100000000000_M103</subfield>
   <subfield code="7">0</subfield>
   <subfield code="9">18309</subfield>
   <subfield code="a">000001</subfield>
   <subfield code="b">000001</subfield>
   <subfield code="d">2019-10-22</subfield>
   <subfield code="o">959.7021 M103</subfield>
   <subfield code="p">TK.01874</subfield>
   <subfield code="r">2019-10-22</subfield>
   <subfield code="v">59000.00</subfield>
   <subfield code="w">2019-10-22</subfield>
   <subfield code="y">BK</subfield>
  </datafield>
  <datafield tag="952" ind1=" " ind2=" ">
   <subfield code="0">0</subfield>
   <subfield code="1">0</subfield>
   <subfield code="2">ddc</subfield>
   <subfield code="4">0</subfield>
   <subfield code="6">959_702100000000000_M103</subfield>
   <subfield code="7">0</subfield>
   <subfield code="9">18310</subfield>
   <subfield code="a">000001</subfield>
   <subfield code="b">000001</subfield>
   <subfield code="d">2019-10-22</subfield>
   <subfield code="o">959.7021 M103</subfield>
   <subfield code="p">TK.01875</subfield>
   <subfield code="r">2019-10-22</subfield>
   <subfield code="v">59000.00</subfield>
   <subfield code="w">2019-10-22</subfield>
   <subfield code="y">BK</subfield>
  </datafield>
  <datafield tag="980" ind1=" " ind2=" ">
   <subfield code="a">Thư viện Trường Đại học Nam Cần Thơ</subfield>
  </datafield>
 </record>
</collection>
